La república
Wedi'i Gadw mewn:
| Prif Awdur: | |
|---|---|
| Fformat: | Llyfr |
| Iaith: | Sbaeneg |
| Cyhoeddwyd: |
Madrid
Alianza
1990
|
| Cyfres: | El libro de bolsillo, 1349
|
| Pynciau: | |
| Tagiau: |
Ychwanegu Tag
Dim Tagiau, Byddwch y cyntaf i dagio'r cofnod hwn!
|
MARC
| LEADER | 00000nam a2200000 a 4500 | ||
|---|---|---|---|
| 001 | UCX4341 | ||
| 003 | CL-VaPUC | ||
| 008 | 920415e19900000SP |||||||||||||||||spa|d | ||
| 082 | 0 | 4 | |a 184 |b PLA |2 21 |
| 100 | 0 | |a Platón |e author |9 222 | |
| 245 | 1 | 3 | |a La república |
| 300 | |a 551 p | ||
| 942 | |c BK | ||
| 945 | |d 19920415 00:00:00 | ||
| 260 | |a Madrid |b Alianza |c 1990 | ||
| 600 | 0 | 7 | |a PLATON |2 CL-VaPUC |9 222 |
| 650 | 0 | |a Filosofía antigua |9 255705 | |
| 650 | 0 | |a Utopías |9 255961 | |
| 583 | |a last modification |c 19920415 00:00:00 |k Rodrigo Vera | ||
| 490 | 0 | |a El libro de bolsillo, 1349 | |
| 999 | |c 224827 |d 224825 | ||
| 952 | |0 0 |1 2 |4 0 |6 184_000000000000000_PLA_1990 |7 0 |8 A |9 221820 |a BIBTEO |b BIBTEO |d 2019-11-15 |i 2906856 |o 184 PLA 1990 |p 2906856 |r 2019-11-15 |w 2019-11-15 |y BK |k ICR | ||